Challenges and coping mechanisms of military supply retailers in selected areas of Cavite / (Record no. 4822)

MARC details
000 -LEADER
fixed length control field 01226nam a22002657a 4500
003 - CONTROL NUMBER IDENTIFIER
control field OSt
005 - DATE AND TIME OF LATEST TRANSACTION
control field 20260310004827.0
008 - FIXED-LENGTH DATA ELEMENTS--GENERAL INFORMATION
fixed length control field 260307b |||||||| |||| 00| 0 eng d
040 ## - CATALOGING SOURCE
Language of cataloging English.
Transcribing agency CvSU-CCAT Campus Library.
Description conventions rda.
050 ## - LIBRARY OF CONGRESS CALL NUMBER
Classification number UM UC 267.P6
Item number C35 2023
100 ## - MAIN ENTRY--PERSONAL NAME
Personal name Calacien, Quennie Ann C., author.
9 (RLIN) 18095
245 ## - TITLE STATEMENT
Title Challenges and coping mechanisms of military supply retailers in selected areas of Cavite /
Statement of responsibility, etc. Quennie Ann C. Calacien, Joseph Edward G. Limbaga, Rowell J. Tibatib.
260 ## - PUBLICATION, DISTRIBUTION, ETC.
Place of publication, distribution, etc. Rosario, Cavite :
Name of publisher, distributor, etc. Cavite State University-CCAT Campus,
Date of publication, distribution, etc. 2023.
300 ## - PHYSICAL DESCRIPTION
Extent xi, 75 leaves :
Other physical details illustrations ;
Dimensions 28 cm
500 ## - GENERAL NOTE
General note Undergraduate Thesis (BSBM)--Cavite State University-CCAT Campus, 2023.
504 ## - BIBLIOGRAPHY, ETC. NOTE
Bibliography, etc. note Includes bibliographical references and appendices.
546 ## - LANGUAGE NOTE
Language note In English text
650 ## - SUBJECT ADDED ENTRY--TOPICAL TERM
Topical term or geographic name entry element Military supplies -- Retail -- Cavite (Philippines).
9 (RLIN) 18096
650 ## - SUBJECT ADDED ENTRY--TOPICAL TERM
Topical term or geographic name entry element Small business -- Cavite (Philippines).
9 (RLIN) 18097
650 ## - SUBJECT ADDED ENTRY--TOPICAL TERM
Topical term or geographic name entry element Business resilience -- Philippines.
9 (RLIN) 18098
700 ## - ADDED ENTRY--PERSONAL NAME
Personal name Limbaga, Joseph Edward G., author.
9 (RLIN) 18099
700 ## - ADDED ENTRY--PERSONAL NAME
Personal name Tibatib, Rowell J., author.
9 (RLIN) 18100
942 ## - ADDED ENTRY ELEMENTS (KOHA)
Source of classification or shelving scheme Library of Congress Classification
Koha item type Book
Classification part UC 267.P6 C35 2023
Call number prefix UM
Holdings
Withdrawn status Lost status Source of classification or shelving scheme Damaged status Not for loan Collection code Home library Current library Shelving location Date acquired Coded location qualifier Total Checkouts Full call number Barcode Date last seen Copy number Price effective from Koha item type
    Library of Congress Classification     Thesis/Manuscript/Dissertation Cavite State University - CCAT Campus Cavite State University - CCAT Campus TH 09/24/2025 UM   UM UC 267.P6 C35 2023 T0005445 03/10/2026 1 03/10/2026 Book